006380000a220019300045007000024000007000033000240900013000571000044000702450107001146510028002216900019002496900023002686900024002910410014003150440013003299420013003427730072003559990017004271 aReyes, Javier934811 aDiaz Pulido, Guillermo93757 aSERIADAS1 aVénera Pontón, Dagoberto E.910072510aRevisión taxonómica del coral Porites colonensis (Scleractinia: Poritidae) en el Caribe colombiano 4pColombialCaribe992749 aCorales994135 aTaxonomía992343 aMorfología9929170 aEspañol aColombia cARTICULO1 tBoletín de Investigaciones Marinas y Costerash2q71-85d2008g37 c16391d16391